000 00565cam a22002053a 4500
001 39475
003 PGUSA
005 20140828083858.0
008 120418s2012||||xxu|||||s|||||000 | eng d
040 _aPGUSA
_beng
042 _adc
100 1 _aRede, Geraldine
245 1 0 _aNight Fall in the Ti-Tree
_h[electronic resource] /
_cGeraldine Rede
260 _bProject Gutenberg,
_c2012
506 _aPublic domain in the USA.
516 _aElectronic text
830 0 _aProject Gutenberg
_v39475
856 4 0 _uhttp://www.gutenberg.org/ebooks/39475
942 _cEB
999 _c268728
_d268728